000 00853nmm a2200265 a 4500
001 ocm000955371
003 TR-IsHL
005 20201028150505.0
008 150110s2014 tu tur
007 cr cn
020 _a9781312708792
035 _a955371
_b(N$T)
050 0 4 _aPL248.D878
_bU48 2014
090 0 4 _aPL248.D878
_bU48 2014
100 1 _aDurucan, Halit
245 1 0 _aUfuk ötesi I: makaleler
_h[electronic resource] /
_cHalit Durucan
260 _aİstanbul :
_bE-Kitap Projesi,
_c2014
300 _a488 p.
650 4 _aFelsefe, Psikoloji ve Din
650 4 _aPhilosophy, Psychology and Religion
650 0 _aTürk denemeleri
650 0 _aTurkish essays
650 7 _aLITERARY COLLECTIONS / Middle Eastern
_2bisacsh
856 4 0 _uhttp://search.ebscohost.com/login.aspx?direct=true&scope=site&db=e011xww&AN=955371
999 _c10502
_d10502